Datum a čas kvízu
35.5
Celkem bodů
Celkový počet nahraných bodů na tomto kvízu bez doplňovacích otázek.
5.
Pořadí na kvízu
Konečné umístění týmu na tomto kvízu.
Zaznamenané odpovědi
| # | Otázka | Odpověď | Body | Výsledky |
|---|---|---|---|---|
| 1. | V areálu Veterinární univerzit... | C) kůň panenky Barbie | 1 | |
| 2. | Minulý týden jsme se dozvěděli... | A) ve lžíci bagru | 1 | |
| 3. | Minulý týden jsme se dozvěděli... | Kanye West, Bianca Censori | 1 | |
| 4. | Nápad vědců z brněnské Mendelo... | B) mangové pecky | 1 | |
| 5. | Který obrovsky úspěšný sportov... | Rafael Nadal | 1 | |
| 6. | Hned na začátku tohoto tématu... | pekanové (0,5 b.), makadamové (1 b.) | 0.5 | |
| 7. | V jedné populární české písnič... | Báječná ženská, Michal Tučný | 1 | |
| 8. | Jak se jedním kratším slovem n... | gola | 1 | |
| 9. | Arašídové (též burákové) máslo... | křupavé (crunchy) | 1 | |
| 10. | Který z těchto výroků o pohádc... | C | 0 |